<The> Development dimensions of trade

Salvato in:
Dettagli Bibliografici
Natura: Libro
Lingua:inglese
Pubblicazione: Paris OECD 2001
Serie:Trade
Soggetti:
Tags: Aggiungi Tag
Nessun Tag, puoi essere il primo ad aggiungerne!!

MARC

LEADER 00000nam a2200000 4500
001 c130008
005 20251216124453.8
020 |a 92-64-19675-7 
041 0 |a eng 
044 |a FR 
245 1 0 |a <The> Development dimensions of trade 
264 1 |a Paris  |b OECD  |c 2001 
300 |a 153 s. 
490 1 |a Trade 
830 0 |a Trade 
610 2 0 |a obchod 
610 2 0 |a vývoj 
610 2 0 |a globalizácia 
610 2 0 |a rast hospodársky 
610 2 0 |a organizácia obchodu 
610 2 0 |a obchod svetový 
610 2 0 |a porovnanie medzinárodné